Statistics for Country Abbreviation #5

Click here to take the quiz!

General Stats

  • This quiz has been taken 15 times
  • The average score is 9 of 12

Answer Stats

HintAnswer% Correct
ALGAlgeria
100%
ARGArgentina
93%
BTNBhutan
93%
BWABotswana
93%
LBYLibya
93%
VATVatican City
93%
TTOTrinidad and Tobago
86%
TCD or CHAChad
79%
BHSBahamas
71%
GNBGuinea Bissau
71%
KHMCambodia
29%
LUXLuxemourg
0%

Score Distribution

Percentile by Number Answered

Percent of People with Each Score

Your Score History

You have not taken this quiz